<?xml version="1.0" encoding="UTF-8"?>
<record
    xmlns:xsi="http://www.w3.org/2001/XMLSchema-instance"
    xsi:schemaLocation="http://www.loc.gov/MARC21/slim http://www.loc.gov/standards/marcxml/schema/MARC21slim.xsd"
    xmlns="http://www.loc.gov/MARC21/slim">

  <leader>01129nam a2200181 a 4500</leader>
  <controlfield tag="001">000045246</controlfield>
  <controlfield tag="005">20201002050012.0</controlfield>
  <controlfield tag="008">150216s2004    dr ab         000 0 spa d</controlfield>
  <datafield tag="040" ind1=" " ind2=" ">
    <subfield code="a">DO-SdBNP</subfield>
    <subfield code="b">spa</subfield>
    <subfield code="c">BNPHU</subfield>
  </datafield>
  <datafield tag="082" ind1=" " ind2=" ">
    <subfield code="a">xxxx</subfield>
    <subfield code="b">xxxx</subfield>
  </datafield>
  <datafield tag="110" ind1="1" ind2=" ">
    <subfield code="a">Centro para la Conservaci&#xF3;n y Ecodesarrollo de la Bah&#xED;a de Saman&#xE1; y su Entorno</subfield>
    <subfield code="9">57672</subfield>
  </datafield>
  <datafield tag="245" ind1="1" ind2="3">
    <subfield code="a">La iguana rinoceronte :</subfield>
    <subfield code="b">una especie end&#xE9;mica seriamente amenazada.</subfield>
  </datafield>
  <datafield tag="260" ind1=" " ind2=" ">
    <subfield code="a">Saman&#xE1; :</subfield>
    <subfield code="b">Centro para la Conservaci&#xF3;n y Ecodesarrollo de la Bah&#xED;a de Saman&#xE1; y su Entorno CEBSE :</subfield>
    <subfield code="b">B&#xFA;ho,</subfield>
    <subfield code="c">2004.</subfield>
  </datafield>
  <datafield tag="300" ind1=" " ind2=" ">
    <subfield code="a">16 p. :</subfield>
    <subfield code="b">il. ;</subfield>
    <subfield code="c">28 cm.</subfield>
  </datafield>
  <datafield tag="490" ind1="1" ind2=" ">
    <subfield code="a">Riquezas Ecol&#xF3;gicas de la Pen&#xED;nsula de Saman&#xE1; --</subfield>
  </datafield>
  <datafield tag="505" ind1="0" ind2=" ">
    <subfield code="t">&#xBF;Qui&#xE9;n es la iguana rinoceronte? --</subfield>
    <subfield code="t">&#xBF;D&#xF3;nde vive? --</subfield>
    <subfield code="t">&#xBF;C&#xF3;mo es la iguana rinoceronte? --</subfield>
    <subfield code="t">&#xBF;Qu&#xE9; ambientes prefiere? --</subfield>
    <subfield code="t">&#xBF;De qu&#xE9; se alimenta? --</subfield>
    <subfield code="t">&#xBF;Qu&#xE9; sabemos de su conducta? --</subfield>
    <subfield code="t">&#xBF;C&#xF3;mo se reproduce? --</subfield>
    <subfield code="t">&#xBF;Por qu&#xE9; es una especie amenazada? --</subfield>
    <subfield code="t">Impactos a la iguana rinoceronte --</subfield>
    <subfield code="t">Un proyecto que debes conocer --</subfield>
    <subfield code="t">Consejos para nuestro iguanario --</subfield>
    <subfield code="t">Para nuestro iguanario --</subfield>
  </datafield>
  <datafield tag="830" ind1=" " ind2="0">
    <subfield code="a">Riquezas Ecol&#xF3;gicas de la Pen&#xED;nsula de Saman&#xE1;</subfield>
    <subfield code="9">73273</subfield>
  </datafield>
  <datafield tag="952" ind1=" " ind2=" ">
    <subfield code="0">0</subfield>
    <subfield code="1">0</subfield>
    <subfield code="7">-1</subfield>
    <subfield code="8">PD</subfield>
    <subfield code="a">PD</subfield>
    <subfield code="b">PD</subfield>
    <subfield code="c">OI</subfield>
    <subfield code="d">2015-02-16</subfield>
    <subfield code="i">LF1</subfield>
    <subfield code="l">0</subfield>
    <subfield code="o">xxxx xxxx</subfield>
    <subfield code="p">45246-10</subfield>
    <subfield code="r">2020-06-25</subfield>
    <subfield code="w">2020-06-25</subfield>
    <subfield code="y">LFPD</subfield>
    <subfield code="Z">No se presta</subfield>
  </datafield>
  <datafield tag="952" ind1=" " ind2=" ">
    <subfield code="0">0</subfield>
    <subfield code="1">0</subfield>
    <subfield code="7">-1</subfield>
    <subfield code="8">PD</subfield>
    <subfield code="a">PD</subfield>
    <subfield code="b">PD</subfield>
    <subfield code="c">OI</subfield>
    <subfield code="d">2015-02-16</subfield>
    <subfield code="i">LF1</subfield>
    <subfield code="l">0</subfield>
    <subfield code="o">xxxx xxxx</subfield>
    <subfield code="p">45246-20</subfield>
    <subfield code="r">2020-06-25</subfield>
    <subfield code="w">2020-06-25</subfield>
    <subfield code="y">LFPD</subfield>
    <subfield code="Z">No se presta</subfield>
  </datafield>
  <datafield tag="999" ind1=" " ind2=" ">
    <subfield code="c">44735</subfield>
    <subfield code="d">44735</subfield>
  </datafield>
</record>
